Biología : el intercambio de información en los sistemas biológicos, relación, integración y control /

Guardado en:
Autor Principal: Iglesias, María Cristina
Otros Autores: Muzzanti, Silvina B., Franco, Ricardo, Glejzer, Claudio E.
Formato: Libro
Publicado: Buenos Aires : Santillana, 2008
Series:Nuevamente
Materias:
Etiquetas: Agregar Etiqueta
Sin Etiquetas, Sea el primero en etiquetar este registro!
LEADER 01523nam a22003015a 4500
001 CEM.cems012989
005 20081015083749.0
008 130507s2008##################000#0#####d
003 CEMS
020 |a 9789504619017 
082 0 4 |a Z574 
100 1 |a Iglesias, María Cristina 
245 1 0 |a Biología :  |b el intercambio de información en los sistemas biológicos, relación, integración y control /  |c María Cristina Iglesias ... [et Al.] 
260 |a Buenos Aires :  |b  Santillana,  |c 2008 
300 |a 176 p. 
490 0 |a Nuevamente 
500 |a Para nivel Educación Secundaria Básica 
505 0 |a Así es la ciencia -- Las funciones de relación y de control en las plantas -- Las funciones de relación y de control en los animales -- Las funciones de relación y de control en las células -- El control nervioso en el ser humano -- La regulación endocrina en el ser humano -- El movimiento y la locomoción en el ser humano -- La información genética y su expresión -- La información genética y su transmisión -- La manipulación de la información genética 
653 |a Biología 
653 |a Biología-educación secundaria básica 
653 |a Genética 
653 |a Método científico 
700 1 |a Muzzanti, Silvina B. 
700 1 |a Franco, Ricardo 
700 1 |a Glejzer, Claudio E. 
859 |a CEMS  |b BIB. CEMS - 11 de abril  |h Z574  |i Ig4  |p 25393.08  |t Ej.1 
859 |a CEMS  |b BIB. CEMS - 11 de abril  |h Z574  |i Ig4  |p 25394.08  |t Ej.2 
859 |a CEMS  |b BIB. CEMS - 11 de abril  |h Z574  |i Ig4  |p 25395.08  |t Ej.3